| 000 | 00969pam a2200289 a 4500 | ||
|---|---|---|---|
| 001 | 1877212 | ||
| 003 | NUST - PNEC | ||
| 005 | 20170116181122.0 | ||
| 008 | 830214s1983 nyua 000 0 eng | ||
| 010 | _a 83002809 | ||
| 020 |
_a0668058250 : _c$8.95 |
||
| 040 |
_aDLC _cLIBRARY _dDLC |
||
| 050 | 0 | 0 |
_aUG1242.R4 _bG86 1983 |
| 082 | 0 | 0 |
_a358.45 GUN _219 |
| 100 | 1 | _aGunston, Bill. | |
| 245 | 1 | 3 |
_aAn illustrated guide to spy planes and electronic warfare aircraft / _cBill Gunston. |
| 260 |
_aNew York : _bArco Pub., _cc1983. |
||
| 300 |
_a160 p. : _bill. (some col.) ; _c23 cm. |
||
| 500 | _aSpine title: Spy planes, guide to recce/electronic aircraft. | ||
| 500 | _a"A Salamander book." | ||
| 650 | 0 |
_aReconnaissance aircraft. _xGeneral book |
|
| 650 | 0 | _aElectronic warfare aircraft. | |
| 650 | 0 | _aDrone aircraft. | |
| 740 | 0 | _aSpy planes, guide to recce/electronic aircraft. | |
| 906 |
_a7 _bcbc _corignew _d1 _eocip _f19 _gy-gencatlg |
||
| 942 |
_2ddc _cBK |
||
| 999 |
_c69605 _d69605 |
||